Statistics for Угадай исполнителя по песне: Россия

Click here to take the quiz!

General Stats

  • This quiz has been taken 254 times
  • The average score is 33 of 100

Answer Stats

ПесняЖанрИсполнитель% Correct
Я русскийПопShaman
85%
Кукла КолдунаРокКороль и Шут
79%
Миллион розПопАлла Пугачёва
77%
Натуральный блондинПопНиколай Басков
73%
Крошка мояПопРуки Вверх!
73%
Рюмка водки на столеПопГригорий Лепс
72%
В Питере — питьРокЛенинград
70%
Тополиный пухПопИванушки International
69%
Нас не догонятПопТату
68%
Звезда по имени СолнцеРокКино
67%
Районы-кварталыРокЗвери
65%
360°Хип-хопЭлджей
60%
Невозможное возможноПопДима Билан
60%
Мама ЛюбаПопSerebro
60%
Это всё онаПопСергей Лазарев
59%
Моя играХип-хопБаста
55%
Мой мармеладный (Я не права)ПопКатя Лель
55%
Младший лейтенантПопИрина Аллегрова
52%
ЛирикаРокСектор Газа
51%
СнегПопФилипп Киркоров
50%
Чёрный русскийХип-хопМоргенштерн
49%
РежиссерПопГрадусы
48%
Всё для тебяПопСтас Михайлов
47%
Как на войнеРокАгата Кристи
46%
Каждый разПопМонеточка
45%
Белые розыПопЛасковый май
45%
ЧасикиПопВалерия
42%
АриведерчиРокЗемфира
41%
Что такое осеньРокДДТ
41%
БухгалтерПопКомбинация
40%
Маленькая странаПопНаташа Королёва
39%
ФраерРусский шансонМихаил Круг
39%
Орбит без сахараРокСплин
39%
Пей пиво!ПопДискотека Авария
38%
Вокруг шумХип-хопКаста
38%
Беспечный ангелРокАрия
36%
Восточные сказкиПопБлестящие
36%
Музыка нас связалаПопМираж
36%
Всё идет по плануРокГражданская оборона
36%
Знак ВодолеяПопВинтаж
35%
Выпьем за любовьПопИгорь Николаев
35%
Зима-холодаПопАндрей Губин
34%
ОфицерыПопОлег Газманов
34%
Трава у домаРокЗемляне
33%
УтекайРокМумий Тролль
33%
ФаинаПопНа-На
33%
НевестаПопГлюк’oZa
32%
Не валяй дурака, Америка!РокЛюбэ
30%
Мой райПопМакSим
30%
ВышеПопНюша
29%
КрыльяРокNautilus Pompilius
29%
АмфибияХип-хопКровосток
28%
Девушки бывают разныеПопОтпетые мошенники
28%
Сан-ФранцискоПопКар-Мэн
27%
КолыбельнаяПопПолина Гагарина
27%
Первое свиданиеПопАлёна Швец
27%
ПрасковьяПопUma2rman
27%
Ты узнаешь еёПопКорни
26%
Перелетная птицаПопКристина Орбакайте
26%
Ориентация северПопЛолита
25%
Смерти больше нетЭлектроникаIC3PEAK
25%
LifeПопZivert
24%
Я люблю тебя до слёзПопАлександр Серов
22%
ПоворотРокМашина Времени
22%
Всё как у людейХип-хопNoize MC
22%
ЗаяПопКлава Кока
21%
Не плачьПопТатьяна Буланова
20%
Этот городРокБраво
19%
Зимний сонПопАлсу
18%
ИудаХип-хопХаски
18%
31-я веснаРокНочные снайперы
18%
АгентХип-хопOxxxymiron
18%
Чистые прудыРокИгорь Тальков
17%
Хару мамбуруРокНогу свело!
17%
Будущие мамыХип-хопЛигалайз
16%
Город золотойРокАквариум
16%
Никто не услышит (Ой-йо)РокЧайф
16%
Мечты сбываютсяПопЮрий Антонов
15%
Как молоды мы былиРокАлександр Градский
14%
ВоронаТрип-хопЛинда
14%
Как упоительны в России вечераРусский шансонБелый орёл
13%
Щемит в душе тоскаХип-хопМноготочие
13%
Школьная пораПопТатьяна Овсиенко
13%
Кони привередливыеАвторская песняВладимир Высоцкий
13%
Безобразная ЭльзаРокКрематорий
12%
Летний дождьПопЛеонид Агутин
12%
Королевство кривыхРокПикник
12%
Красное на чёрномРокАлиса
12%
Любовь, комсомол и веснаПопЛев Лещенко
11%
Страна ЛимонияПопДюна
11%
МгновенияПопИосиф Кобзон
10%
Человек и кошкаРокНоль
9%
Кровь, моя кровьХип-хопДецл
8%
ВеснаХип-хопДельфин
7%
Чёрный тюльпанАвторская песняАлександр Розенбаум
7%
Осенний джазПопАнжелика Варум
7%
ОкеанПопМари Краймбрери
5%
Уездный город NРокЗоопарк
5%
В шторме викинг и мечРокКоррозия металла
4%
ВиражиХип-хопCentr
3%

Score Distribution

Percentile by Number Answered

Percent of People with Each Score

Your Score History

You have not taken this quiz